000 00328nam a2200157Ia 4500
001 9732
003 GE_BSU
008 181216s||||||||xx |||||||||||||| ||und||
040 _cGE_BSU
245 _aLe Point №2171. 24 Avril 2014
260 _aParis
260 _c2014
300 _a96p.26cm.
653 _aLe Point
942 _cCR
999 _c43013
_d43013